Vida oceánica
Na minha lista:
| Autor principal: | |
|---|---|
| Formato: | Livro |
| Idioma: | espanhol |
| Publicado em: |
Madrid
Ediciones Plesa
1985
|
| coleção: | Colección Misterios y Maravillas
|
| Assuntos: | |
| Tags: |
Adicionar Tag
Sem tags, seja o primeiro a adicionar uma tag!
|
MARC
| LEADER | 00000nam a2200000 a 4500 | ||
|---|---|---|---|
| 001 | UCZ1409 | ||
| 003 | CL-VaPUC | ||
| 008 | 950824e19850000SP |||||||||||||||||spa|d | ||
| 082 | 0 | 4 | |a 597 |b MOR |2 21 |
| 100 | |a Morris, Rick |e autor |9 344977 | ||
| 245 | 1 | 0 | |a Vida oceánica |
| 300 | |a 32 p | ||
| 942 | |c BK | ||
| 945 | |d 19950824 00:00:00 |a rbrito | ||
| 260 | |a Madrid |b Ediciones Plesa |c 1985 | ||
| 650 | 7 | |a PECES |2 CL-VaPUC |9 344974 | |
| 650 | 0 | |a Animales acuáticos |9 261299 | |
| 650 | 0 | |a Recursos pesqueros |9 255431 | |
| 583 | |a last modification |c 19950824 00:00:00 |k Rodrigo Vera | ||
| 490 | 0 | |a Colección Misterios y Maravillas | |
| 999 | |c 238157 |d 238155 | ||